Установка и методика насыщения образцов из водородной плазмы; Перспективы развития фундаментальных наук

Detalles Bibliográficos
Parent link:Перспективы развития фундаментальных наук.— 2012.— [С. 203-205]
Autor Principal: Сапрыкина А. О.
Outros autores: Сыпченко В. С. Владимир Сергеевич (научный руководитель), Сигфуссон Т. И., Никитенков Н. Н. Николай Николаевич
Summary:Заглавие с экрана
In this work the equipment for hydrogen saturating of samples from the hydrogen plasma is presented. This equipment allows to saturate samples from high–frequency discharge plasma at the temperature of 0° –700° C and pressure ~10-2Torr. Equipment provides clean environment (without intermixtures) for hydrogen saturation. This equipment will be used for making hydrogen accumulators.
Idioma:ruso
Publicado: 2012
Series:Физика
Subjects:
Acceso en liña:http://www.lib.tpu.ru/fulltext/c/2012/C21/065.pdf
Formato: Electrónico Capítulo de libro
KOHA link:https://koha.lib.tpu.ru/cgi-bin/koha/opac-detail.pl?biblionumber=237335

MARC

LEADER 00000naa2a2200000 4500
001 237335
005 20260422144937.0
035 |a (RuTPU)RU\TPU\book\258507 
035 |a RU\TPU\book\258372 
090 |a 237335 
100 |a 20130514d2012 k y0rusy50 ca 
101 0 |a rus 
102 |a RU 
135 |a drcn ---uucaa 
181 0 |a i  
182 0 |a b 
200 1 |a Установка и методика насыщения образцов из водородной плазмы  |f А. О. Сапрыкина, В. С. Сыпченко, Т. И. Сигфуссон  |g науч. рук. Н. Н. Никитенков  |d Equipment and method of saturation of the samples from the hydrogen plasma 
203 |a Текст  |c электронный 
215 |a 1 файл(418 Кб) 
225 1 |a Физика 
300 |a Заглавие с экрана 
320 |a [Библиогр.: с. 205 (4 назв.)] 
330 |a In this work the equipment for hydrogen saturating of samples from the hydrogen plasma is presented. This equipment allows to saturate samples from high–frequency discharge plasma at the temperature of 0° –700° C and pressure ~10-2Torr. Equipment provides clean environment (without intermixtures) for hydrogen saturation. This equipment will be used for making hydrogen accumulators. 
337 |a Adobe Reader 
463 1 |0 (RuTPU)RU\TPU\book\256864  |t Перспективы развития фундаментальных наук  |l Prospects of fundamental sciences development  |o сборник научных трудов IX Международной конференция студентов и молодых ученых, г. Томск, 24-27 апреля 2012 г.  |f Национальный исследовательский Томский политехнический университет (ТПУ) ; ред. коллегия Е. А. Вайтулевич ; Г. А. Лямина ; Г. А. Воронова ; М. П. Никитич ; А. М. Лидер ; Ю. Р. Цой ; М. Е. Семенов  |v [С. 203-205]  |d 2012 
510 1 |a Equipment and method of saturation of the samples from the hydrogen plasma  |z eng 
610 1 |a электронный ресурс 
610 1 |a труды учёных ТПУ 
610 1 |a установка 
610 1 |a насыщение 
610 1 |a водородные соединения 
610 1 |a плазма 
700 1 |a Сапрыкина  |b А. О. 
701 1 |a Сыпченко  |b В. С.  |c физик  |c доцент Томского политехнического университета, кандидат наук  |f 1987-  |g Владимир Сергеевич  |3 (RuTPU)RU\TPU\pers\28216  |9 13170 
701 1 |a Сигфуссон  |b Т. И. 
702 1 |a Никитенков  |b Н. Н.  |c российский физик  |c профессор Томского политехнического университета, доктор физико-математических наук  |f 1953-  |g Николай Николаевич  |4 727 
801 1 |a RU  |b 63413507  |c 20101016 
801 2 |a RU  |b 63413507  |c 20131017  |g RCR 
856 4 |u http://www.lib.tpu.ru/fulltext/c/2012/C21/065.pdf 
942 |c CF